000 00549nam a2200205Ia 4500
005 20240823025857.0
008 240823s9999||||xx |||||||||||||| ||und||
020 _a978-81-317-2895-6
041 _aENGLISH
082 _A005.43 Q0
100 _a"Shepherd,George"
245 0 _aMFC Internals:Inside the Microsoft Foundation Class Architecture
250 _a1st
260 _c2010
_b"Pearson Education, New "
500 _aYES
650 _aMFC internals
_bComputer Applications
700 _a" Wingo, Scot"
942 _cBK
999 _c187361
_d187361